000 01185cad a22002535a 4500
001 E147803
008 090619s2009 xxk f s000 0 eng d
035 _a(Sirsi) u147803
041 0 _aeng
110 2 _aScotland
_kLaws, etc
245 0 4 _aThe Town and Country Planning (Temporary Stop Notice) (Scotland) Regulations 2009
_h[electronic resource]
260 _aEdinburgh
_bScottish Government
_c2009
490 0 _aScottish Statutory Instrument
_v2009: 213
520 _aRegulations providing that the stationing of a caravan on land is an activity not prohibited by a temporary stop notice under the Town and Country Planning (Scotland) Act 1997 S144B(1)(b), in certain circumstances.
520 _aComes into force 3 August 2009.
521 _aAdvanced
590 _aKA
650 2 4 _aTOWN AND COUNTRY PLANNING (TEMPORARY STOP NOTICE) (SCOTLAND) REGULATIONS 2009
650 2 4 _aTOWN AND COUNTRY PLANNING (SCOTLAND) ACT 1997 S144
651 4 _aScotland
_y1999-
690 _aPlanning and development
_96259
856 4 0 _uhttps://www.opsi.gov.uk/legislation/scotland/ssi2009/ssi_20090213_en_1
_zView the statutory instrument free of charge at www.opsi.gov.uk...
942 _n0
999 _c109728
_d109728